| 000 | 02027nam0a2200337 4500 | ||
|---|---|---|---|
| 001 | RU\NLR\bibl\1379606 | ||
| 005 | 20260407202914.0 | ||
| 010 |
_a978-5-7174-0439-6 _9200 |
||
| 021 |
_aRU _b2009-28721 _91718 |
||
| 035 | _a(NLR Aleph) 001371700 | ||
| 090 |
_a1045836 _c1045836 |
||
| 100 | _a20090410d2008 |||y0rusy50 ca | ||
| 101 | 0 | _arus | |
| 102 | _aRU | ||
| 105 | _aa dm ||||| | ||
| 200 | 1 |
_aСлавянский мир: что я о нем знаю _eматериалы Областного конкурса творческих работ учащихся _f[сост.: Маслов Вячеслав Васильевич, к.п.н., доц. и др.] |
|
| 210 |
_aСамара _cГОУ СИПКРО _d2008 |
||
| 215 |
_a75 с. _cил. _d21 |
||
| 300 | _aВ надзаг.: М-во образования и науки Самарской обл., Гос. образовательное учреждение доп. проф. образования (повышения квалификации) специалистов, Самарский обл. ин-т повышения квалификации и переподгот. работников образования | ||
| 606 | 1 |
_aСлавяноведение _jСборники _xЛитературное творчество школьников _92579405 _3RU\NLR\auth\661524936 |
|
| 686 |
_aЧ421,6(2)352.13я43 _2rubbk |
||
| 686 | _aЧ421.385.35я43 | ||
| 702 | 1 |
_4220 _7ca _8rus _aМаслов _bВ. В. _cканд. пед. наук _gВячеслав Васильевич _943295 _3RU\NLR\auth\7760364 |
|
| 711 | 1 | 2 |
_4070 _aСамарский областной конкурс сочинений учащихся общеобразовательных учреждений на тему "Славянский мир: что я о нем знаю" _f2008 _9765067 _3RU\NLR\AUTH\8810134535 |
| 801 | 0 |
_aRU _bРКП _c20090410 _grcr |
|
| 801 | 1 |
_aRU _bРГБ _c20090410 |
|
| 801 | 2 |
_aRU _bNLR _c20090609 _grcr |
|
| 942 | _cBOOK | ||
| 980 | _aNB | ||
| 980 | _aNBR | ||